El régimen de compre trabajo argentino y sus problemas (Registro nro. 24016)

Detalles MARC
000 -LEADER
fixed length control field 00325 a2200109 4500
001 - CONTROL NUMBER
control field ART_31279
005 - DATE AND TIME OF LATEST TRANSACTION
control field 20260410161840.0
008 - FIXED-LENGTH DATA ELEMENTS--GENERAL INFORMATION
fixed length control field 260409a
100 1# - MAIN ENTRY--PERSONAL NAME
Personal name Navarro, Damián
245 10 - TITLE STATEMENT
Title El régimen de compre trabajo argentino y sus problemas
773 0# - HOST ITEM ENTRY
Title RAP
Related parts - Año 36, Nº 422 (nov. 2013)
Record control number REV5941

No hay ítems disponibles.